000 00748cam a22002653a 4500
001 17662
003 PGUSA
005 20140828083357.0
008 060202s2006||||xxu|||||s|||||000 | eng d
040 _aPGUSA
_beng
042 _adc
050 4 _aAP
050 4 _aD501
100 1 _aL'Illustration
245 1 0 _aL'Illustration — N° 3729 — SAMEDI LE 15 AOÛT 1914
_h[electronic resource] /
_cL'Illustration
260 _bProject Gutenberg,
_c2006
500 _a72e Année
506 _aPublic domain in the USA.
516 _aElectronic text
653 _aIllustrated periodicals -- France
653 _aWorld War, 1914-1918
830 0 _aProject Gutenberg
_v17662
856 4 0 _uhttp://www.gutenberg.org/ebooks/17662
942 _cEB
999 _c246917
_d246917